| 000 | 00000nam 2200000za 4500 |
| 001 | 9.843469 |
| 003 | CaOODSP |
| 005 | 20251103145409 |
| 007 | cr ||||||||||| |
| 008 | 170913s2017 onc o f000 0 fre d |
| 040 | |aCaOODSP|bfre |
| 043 | |an-cn--- |
| 086 | 1 |aD97-2/17-2017F-PDF |
| 245 | 00|aEnjeux de sécurité de l’informatique quantique pour la cryptographie à clé publique |h[ressource électronique]. |
| 260 | |a[Ottawa] : |bCentre de la sécurité des télécommunications, |c2017. |
| 300 | |a[2] p. |
| 490 | 1 |aSérie hauts dirigeants ; |vITSE.00.017 |
| 500 | |aPubl. aussi en anglais sous le titre : Quantum computing security issues for public key cryptography. |
| 500 | |aTitre de départ. |
| 500 | |a« Non classifié. » |
| 500 | |a« Mai 2017. » |
| 500 | |aPubl. aussi en format HTML. |
| 692 | 07|2gccst|aGouvernement fédéral |
| 692 | 07|2gccst|aSécurité informatique |
| 692 | 07|2gccst|aCryptographie |
| 710 | 2 |aCentre de la sécurité des télécommunications (Canada) |
| 775 | 08|tQuantum computing security issues for public key cryptography |w(CaOODSP)9.843468 |
| 830 | #0|aSérie hauts dirigeants (Centre de la sécurité des télécommunications (Canada))|vITSE.00.017.|w(CaOODSP)9.842837 |
| 856 | 40|qPDF|s1.01 Mo|uhttps://publications.gc.ca/collections/collection_2017/cstc-csec/D97-2-17-2017-fra.pdf |